[Event "Neubrandenburg-chA"]
[Site "Neubrandenburg"]
[Date "2022.04.11"]
[Round "6"]
[White "Gebert Vangeel, Ralf"]
[Black "Helms, Sven"]
[Result "1/2-1/2"]
[WhiteElo "2061"]
[BlackElo "1933"]
[PlyCount "73"]
[EventDate "2022.04.09"]
[EventType "swiss"]
[EventRounds "7"]
[EventCountry "GER"]
[SourceTitle "CBM 207 Extra"]
[Source "ChessBase"]
[SourceDate "2022.05.31"]
[SourceVersion "1"]
[SourceVersionDate "2022.05.31"]
[SourceQuality "1"]

1. e4 d5 2. exd5 Nf6 3. Nf3 Nxd5 4. d4 g6 5. Be2 Bg7 6. 0-0 0-0 7. c3 c6 8. Re1 Bg4 9. Ne5 Bxe2 10. Qxe2 e6 11. Na3 Nd7 12. Nac4 Qc7 13. a4 a5 14. h4 N7b6 15. Nxb6 Nxb6 16. h5 Nd5 17. c4 Nb4 18. Bf4 Qe7 19. hxg6 hxg6 20. Ra3 Qh4 21. g3 Qe7 22. Kg2 Rfd8 23. Rd1 c5 24. d5 exd5 25. Re3 d4 26. Nxg6 Qf6 27. Ne7+ Kf8 28. Be5 Qh6 29. Bxg7+ Qxg7 30. Nf5 Qf6 31. Re5 Re8 32. Rxe8+ Rxe8 33. Qg4 Re5 34. Nh4 d3 35. Qc8+ Kg7 36. Qg4+ Kf8 37. Qc8+ 1/2-1/2

[Event "Neubrandenburg-chA"]
[Site "Neubrandenburg"]
[Date "2022.04.09"]
[Round "2"]
[White "Schreiber, Kevin"]
[Black "Helms, Sven"]
[Result "1-0"]
[WhiteElo "2017"]
[BlackElo "1933"]
[PlyCount "57"]
[EventDate "2022.04.09"]
[EventType "swiss"]
[EventRounds "7"]
[EventCountry "GER"]
[SourceTitle "CBM 207 Extra"]
[Source "ChessBase"]
[SourceDate "2022.05.31"]
[SourceVersion "1"]
[SourceVersionDate "2022.05.31"]
[SourceQuality "1"]

1. c4 e6 2. g3 f5 3. Bg2 Nf6 4. b3 d5 5. Bb2 c6 6. d3 Be7 7. Nd2 0-0 8. Ngf3 b5 9. 0-0 Qb6 10. cxd5 cxd5 11. e4 dxe4 12. dxe4 Bb7 13. exf5 exf5 14. Nd4 Bxg2 15. Kxg2 Bb4 16. a3 Bxd2 17. Qxd2 Rd8 18. Qf4 g6 19. Rac1 Nbd7 20. Rc6 Qb8 21. Qg5 Qe5 22. Re6 Qd5+ 23. f3 Re8 24. Rxf6 Nxf6 25. Qxf6 Rf8 26. Qh8+ Kxh8 27. Nxf5+ Rf6 28. Bxf6+ Kg8 29. Ne7+ 1-0

[Event "Mecklenburg VP Verbandsliga 2122"]
[Site "Mecklenburg VP"]
[Date "2022.03.06"]
[Round "6.4"]
[White "Helms, Sven"]
[Black "Ehlers, Michael2222"]
[Result "1-0"]
[WhiteElo "1933"]
[BlackElo "1941"]
[PlyCount "117"]
[EventDate "2021.10.24"]
[EventType "team-tourn"]
[EventRounds "9"]
[EventCountry "GER"]
[SourceTitle "EXT 2024"]
[Source "ChessBase"]
[SourceDate "2023.10.10"]
[SourceVersion "1"]
[SourceVersionDate "2023.10.10"]
[SourceQuality "1"]
[WhiteTeam "Schwerin SF II"]
[BlackTeam "Torgelow Droegeheide"]
[WhiteTeamCountry "GER"]
[BlackTeamCountry "GER"]

1. e4 c5 2. d4 cxd4 3. c3 g6 4. cxd4 d5 5. e5 Nc6 6. Bb5 e6 7. h4 Bd7 8. Nc3 Qb6 9. Bxc6 Bxc6 10. Nf3 h6 11. 0-0 Ne7 12. Na4 Qb5 13. Nc5 Nf5 14. a4 Qb6 15. b4 Qxb4 16. Bd2 Qb6 17. Rb1 Qc7 18. Qc2 Bxc5 19. Qxc5 Qe7 20. Qa5 0-0 21. Bb4 Qd8 22. Qc5 Re8 23. Qc1 Kh7 24. Qf4 Rg8 25. Bd2 Qf8 26. g4 Nxh4 27. Nxh4 g5 28. Qg3 gxh4 29. Qxh4 Rg6 30. Rb3 Qg7 31. Rg3 f6 32. f4 Rf8 33. Kh2 fxe5 34. dxe5 Bxa4 35. Rfg1 Bc2 36. f5 exf5 37. gxf5 Bxf5 38. e6 Qe5 39. Bf4 Qe2+ 40. R1g2 Qxe6 41. Rxg6 Qxg6 42. Rxg6 Kxg6 43. Qxh6+ Kf7 44. Be5 Be4 45. Qf6+ Ke8 46. Qe6+ Kd8 47. Bf6+ Rxf6 48. Qxf6+ Kc7 49. Kg3 b6 50. Kf4 a5 51. Ke5 Kb7 52. Qf7+ Ka6 53. Qf1+ Kb7 54. Qb5 Bf3 55. Qb3 Be4 56. Kd6 Bh1 57. Qh3 Be4 58. Qd7+ Ka6 59. Qc6 1-0

[Event "Bamberg op-A 3rd"]
[Site "Bamberg"]
[Date "2021.07.28"]
[Round "1"]
[White "Helms, Sven"]
[Black "Goldbeck, Lars"]
[Result "0-1"]
[WhiteElo "1959"]
[BlackElo "2207"]
[PlyCount "68"]
[EventDate "2021.07.28"]
[EventType "swiss"]
[EventRounds "7"]
[EventCountry "GER"]
[SourceTitle "EXT 2022"]
[Source "ChessBase"]
[SourceDate "2021.10.06"]
[SourceVersion "1"]
[SourceVersionDate "2021.10.06"]
[SourceQuality "1"]

1. e4 c5 2. d4 cxd4 3. c3 dxc3 4. Nxc3 Nc6 5. Nf3 d6 6. Bc4 a6 7. h3 Nf6 8. 0-0 e6 9. Qe2 Be7 10. Rd1 Qc7 11. Bf4 Ne5 12. Bb3 0-0 13. Rac1 Qb8 14. Nd4 b5 15. Bg3 Bb7 16. f4 Nc4 17. Bxc4 bxc4 18. Qxc4 d5 19. exd5 Nxd5 20. Nxd5 Bxd5 21. Qc7 Qxb2 22. Rc2 Qa3 23. f5 Bd8 24. Qf4 Bf6 25. Qf2 Be4 26. Re2 exf5 27. Nxf5 Bxf5 28. Bd6 Qa4 29. Red2 Be6 30. Bxf8 Rxf8 31. Kh1 Bxa2 32. Qc5 g6 33. Re1 Be6 34. Rde2 Qb5 0-1

[Event "Mecklenburg VP-ch MT"]
[Site "Greifswald"]
[Date "2021.06.25"]
[Round "4"]
[White "Helms, Sven"]
[Black "Roehl, Rainer"]
[Result "1/2-1/2"]
[WhiteElo "1962"]
[BlackElo "2016"]
[PlyCount "24"]
[EventDate "2021.06.24"]
[EventType "swiss"]
[EventRounds "7"]
[EventCountry "GER"]
[SourceTitle "EXT 2022"]
[Source "ChessBase"]
[SourceDate "2021.10.06"]
[SourceVersion "1"]
[SourceVersionDate "2021.10.06"]
[SourceQuality "1"]

1. e4 c5 2. d4 cxd4 3. c3 Nf6 4. e5 Nd5 5. cxd4 Nc6 6. Bc4 Nb6 7. Bb3 g6 8. Nf3 Bg7 9. 0-0 0-0 10. Bf4 d6 11. h3 dxe5 12. dxe5 Bf5 1/2-1/2

[Event "Mecklenburg VP LL 1617"]
[Site "Mecklenburg VP"]
[Date "2017.02.26"]
[Round "6.7"]
[White "Helms, Sven"]
[Black "Lehmann, Ruben"]
[Result "1-0"]
[WhiteElo "1930"]
[BlackElo "1940"]
[PlyCount "69"]
[EventDate "2016.10.16"]
[EventType "team-tourn"]
[EventRounds "9"]
[EventCountry "GER"]
[SourceTitle "EXT 2022"]
[Source "ChessBase"]
[SourceDate "2021.10.06"]
[SourceVersion "1"]
[SourceVersionDate "2021.10.06"]
[SourceQuality "1"]
[WhiteTeam "Schwerin SF II"]
[BlackTeam "Torgelow Droegeheide"]
[WhiteTeamCountry "GER"]
[BlackTeamCountry "GER"]

1. d4 d5 2. c4 e6 3. Nc3 c6 4. e3 Nf6 5. Nf3 Nbd7 6. Bd3 dxc4 7. Bxc4 b5 8. Bd3 a6 9. 0-0 c5 10. Qe2 Bb7 11. Rd1 cxd4 12. exd4 Bd6 13. Bg5 0-0 14. Ne5 Qc7 15. Nxd7 Nxd7 16. Rac1 Qb8 17. Qh5 g6 18. Qh4 Rc8 19. Ne4 Rxc1 20. Rxc1 Bf8 21. Nc5 Nxc5 22. dxc5 Qe5 23. c6 Bc8 24. Bf6 Qd5 25. Bc3 Bg7 26. Be4 Qd6 27. c7 Ra7 28. Bxg7 Rxc7 29. Bc3 b4 30. Bf3 bxc3 31. bxc3 Qd2 32. Rd1 Qxc3 33. Qd8+ Kg7 34. h4 Qf6 35. Qxc7 1-0

[Event "Mecklenburg VP LL2 West 1617"]
[Site "Mecklenburg VP"]
[Date "2016.10.16"]
[Round "1.6"]
[White "Helms, Sven"]
[Black "Segebarth, Bernd"]
[Result "1/2-1/2"]
[WhiteElo "1930"]
[BlackElo "1532"]
[PlyCount "20"]
[EventDate "2016.10.16"]
[EventType "team-tourn"]
[EventRounds "9"]
[EventCountry "GER"]
[SourceTitle "EXT 2022"]
[Source "ChessBase"]
[SourceDate "2021.10.06"]
[SourceVersion "1"]
[SourceVersionDate "2021.10.06"]
[SourceQuality "1"]
[WhiteTeam "Schwerin SF III"]
[BlackTeam "Schwerin SF IV"]
[WhiteTeamCountry "GER"]
[BlackTeamCountry "GER"]

1. d4 e6 2. c4 Bb4+ 3. Nd2 f5 4. Ngf3 Nf6 5. g3 b6 6. Bg2 Bb7 7. 0-0 Bxd2 8. Bxd2 0-0 9. Rc1 a5 10. Bc3 Ne4 1/2-1/2